[Event "World Blitz 2015"]
[Site "Berlin GER"]
[Date "2015.10.14"]
[Round "21.63"]
[White "Van Wely,L"]
[Black "Guliyev,N"]
[Result "0-1"]
[WhiteElo "2632"]
[BlackElo "2579"]

1.d4 d5 2.c4 dxc4 3.e4 b5 4.a4 c6 5.axb5 cxb5 6.Nc3 Bd7 7.Nf3 e6 8.d5 Bb4
9.dxe6 Bxe6 10.Qxd8+ Kxd8 11.Bd2 Bxc3 12.Bxc3 Nf6 13.Nd4 Nxe4 14.Ba5+ Kc8
15.Nxb5 Nc6 16.Bc7 a6 17.Bf4 Re8 18.f3 Nb4 19.fxe4 Nc2+ 20.Kf2 Nxa1 21.Nc7 Kb7
22.Nxa8 Kxa8 23.Be2 Nb3 24.Rd1 Kb7 25.Rd6 Nc5 26.Ke3 Na4 27.Be5 f6 28.Bd4 Bc8
29.Bh5 Re7 30.Rd8 Bd7 31.Rh8 h6 32.Bf3 Bc6 33.Rd8 Nb6 34.Kf4 Kc7 35.Rg8 Nd7
36.Bc3 Nc5 37.Bb4 Nd3+  0-1

[Event "37th Arco Open 2015"]
[Site "Arco ITA"]
[Date "2015.10.16"]
[Round "7.21"]
[White "Ottaviani,G"]
[Black "Popa,Cl"]
[Result "1-0"]
[WhiteElo "1969"]
[BlackElo "2113"]

1.d4 d5 2.c4 dxc4 3.e4 e5 4.Nf3 exd4 5.Bxc4 Bb4+ 6.Nbd2 Nc6 7.O-O Nf6 8.e5 Nd5
9.Nb3 O-O 10.Nbxd4 Nxd4 11.Qxd4 Be6 12.Ng5 Be7 13.Nxe6 fxe6 14.Qg4 Rf5 15.Bh6 Qf8
16.Bxd5 exd5 17.Bxg7 Qf7 18.Bf6+ Qg6 19.Qxg6+ hxg6 20.Bxe7 Rxe5 21.Bf6  1-0

[Event "XTRACON GM 2015"]
[Site "Koge DEN"]
[Date "2015.10.17"]
[Round "8.12"]
[White "Molvig,H"]
[Black "Hoi,C"]
[Result "0-1"]
[WhiteElo "2125"]
[BlackElo "2377"]

1.d4 d5 2.c4 dxc4 3.e4 Nc6 4.d5 Ne5 5.Nc3 Nf6 6.Bf4 Ng6 7.Bg3 e5 8.Bxc4 a6
9.Nf3 Bc5 10.b4 Ba7 11.O-O Qe7 12.Qb3 O-O 13.Nh4 Nxh4 14.Bxh4 h6 15.Bxf6 Qxf6
16.Bd3 Qg5 17.Kh1 h5 18.Ne2 Bd7 19.Rac1 Bb6 20.a4 a5 21.bxa5 Bxa5 22.Bb5 Bc8
23.Rc2 h4 24.Ng1 Qe7 25.Be2 Qd6 26.Qc4 Bb6 27.h3 Bd7 28.Ra2 Ra5 29.Nf3 Qf6
30.Nh2 Rfa8 31.Bd1 Bb5  0-1

[Event "SPICE Cup Open 2015"]
[Site "Saint Louis USA"]
[Date "2015.10.18"]
[Round "3.8"]
[White "Robson,R"]
[Black "Santarius,E"]
[Result "1-0"]
[WhiteElo "2680"]
[BlackElo "2334"]

1.d4 d5 2.c4 dxc4 3.e4 e5 4.Nf3 exd4 5.Bxc4 Nc6 6.O-O Be6 7.Bxe6 fxe6 8.Qb3 Qd7
9.Qxb7 Rb8 10.Qa6 Nf6 11.Nbd2 Bd6 12.a3 O-O 13.b4 Ng4 14.g3 e5 15.Ne1 Kh8
16.Nc4 Ne7 17.f3 Nf6 18.Bg5 h6 19.Bxf6 gxf6 20.Nd3 Rg8 21.Rac1 h5 22.Rc2 Rg6
23.Qxa7 Rbg8 24.Nxd6 Qxd6 25.Qxc7 Qe6 26.Nc5 Qh3 27.Rg2 R6g7 28.Qd7 f5 29.Qe6 Ng6
30.Rff2 h4 31.exf5 hxg3 32.hxg3 Nf4 33.Qxe5 Nxg2 34.Rxg2 Kh7 35.g4  1-0

[Event "41st Guernsey Open 2015"]
[Site "Vale GCI"]
[Date "2015.10.20"]
[Round "3.8"]
[White "Purdon,C"]
[Black "Mack,W"]
[Result "1/2-1/2"]
[WhiteElo "2042"]
[BlackElo "2223"]

1.d4 d5 2.c4 dxc4 3.e4 e6 4.Bxc4 c5 5.d5 exd5 6.exd5 Nf6 7.Nf3 Bd6 8.O-O O-O
9.Bg5 h6 10.Bh4 Bg4 11.Nc3 Nbd7 12.Ne4 Be5 13.Qb3 Bxf3 14.Qxf3 Qb6 15.Nxf6+ Nxf6
16.Rab1 Qd6 17.Bxf6 Bxf6 18.b3 Rfe8 19.Rfe1 Rab8 20.a4 a6 21.g3 g6 22.Re4 Kg7
23.Rbe1 Rxe4 24.Qxe4 b5 25.axb5 axb5 26.Bf1 Rb7 27.Qe8 b4 28.Bc4 Bd4 29.Re2 Ra7
30.Kg2 Qf6 31.Qe4 h5 32.h4 Rd7 33.Qf3 Qd8 34.Ra2 Rd6 35.Qe4 Rd7 36.Qf4 Qf6
37.Qxf6+ Kxf6 38.Ra6+ Ke7 39.Rc6 Rd6 40.Ra6 Rd7 41.d6+ Kf6 42.Bb5 Rd8 43.Rc6  1/2-1/2

[Event "SPICE Cup Open 2015"]
[Site "Saint Louis USA"]
[Date "2015.10.22"]
[Round "9.3"]
[White "Robson,R"]
[Black "Priyadharshan,K"]
[Result "1/2-1/2"]
[WhiteElo "2680"]
[BlackElo "2462"]

1.d4 d5 2.c4 dxc4 3.e4 e5 4.Nf3 Bb4+ 5.Nc3 exd4 6.Qxd4 Qxd4 7.Nxd4 Nf6 8.f3 Bc5
9.Be3 Nc6 10.Nc2 Bxe3 11.Nxe3 Be6 12.O-O-O Ne5 13.Nb5 Ke7 14.Nxc7 Rac8 15.Nb5 Rc5
16.Nd4 g6 17.Be2 b5 18.Kb1 Nc6 19.Nxc6+ Rxc6 20.e5 Nh5 21.g3 Rhc8 22.f4 Ng7
23.Bf3 Rc5 24.Be4 a5 25.Rd4 c3 26.Rhd1 cxb2 27.Kxb2 h5 28.Rd6 b4 29.Ra6 Nf5
30.Ra7+ Kf8 31.Nxf5 gxf5 32.Bb1 R8c7 33.Ra8+ Rc8 34.Ra7 R8c7 35.Rd8+ Kg7
36.Ra6 R7c6 37.Ra7 Rc7 38.Raa8 Rc8 39.Raxc8 Bxc8 40.Bc2 Be6 41.Bd1  1/2-1/2

[Event "World Youth Boys U18 2015"]
[Site "Porto Carras GRE"]
[Date "2015.10.25"]
[Round "1.6"]
[White "Aradhya,Garg"]
[Black "Salomon,J"]
[Result "1-0"]
[WhiteElo "2180"]
[BlackElo "2458"]

1.d4 d5 2.c4 dxc4 3.e4 Nc6 4.Nf3 Bg4 5.Be3 e6 6.Bxc4 Bxf3 7.gxf3 Qf6 8.Nc3 O-O-O
9.f4 Nxd4 10.e5 Qh4 11.Bxd4 Qxf4 12.Ne2 Qe4 13.Rg1 c5 14.Rc1 Kb8 15.Bd3 Qd5
16.Qc2 b6 17.Be4 Qxa2 18.Bh1 Ne7 19.Rg3 Qa5+ 20.b4 Qxb4+ 21.Kf1 Nf5 22.Rb3 Qa5
23.Bc3 Qa6 24.Ra1 Qc8 25.Qe4 Rd5 26.Qa4 Rd7 27.Ba5 Kc7 28.Rxb6 axb6 29.Bxb6+  1-0

[Event "Ptuj Open 2015"]
[Site "Ptuj SLO"]
[Date "2015.10.27"]
[Round "5.18"]
[White "Dadello,An"]
[Black "Dajcman,Aleksander"]
[Result "1-0"]
[WhiteElo "1796"]
[BlackElo "1426"]

1.d4 d5 2.c4 dxc4 3.e4 e5 4.Qa4+ c6 5.dxe5 b5 6.Qc2 Bc5 7.Nf3 Ne7 8.Be2 Ng6
9.O-O Qc7 10.b3 Nxe5 11.Bb2 Nxf3+ 12.Bxf3 O-O 13.bxc4 Bb7 14.cxb5 cxb5 15.Nc3 Qb6
16.Nd5 Bxd5 17.exd5 Nd7 18.Qf5 Rfd8 19.d6 Rac8 20.Bd5 Nf6 21.Bxf6 gxf6 22.Be4 Qxd6
23.Qxh7+ Kf8 24.Rae1 Bd4 25.Bd5  1-0

[Event "Bjorkstadsschacket 2015"]
[Site "Umea SWE"]
[Date "2015.10.30"]
[Round "3.2"]
[White "Thorn,E"]
[Black "Westerberg,J"]
[Result "0-1"]
[WhiteElo "2148"]
[BlackElo "2478"]

1.d4 d5 2.c4 dxc4 3.e4 b5 4.a4 c6 5.axb5 cxb5 6.Nc3 a6 7.Nxb5 axb5 8.Rxa8 Bb7
9.Ra1 e6 10.f3 Nc6 11.Be3 Bb4+ 12.Kf2 f5 13.exf5 Nge7 14.Nh3 Nxf5 15.Bg5 Qb6
16.g4 Nfxd4 17.Be3 Bc5 18.Bg2 O-O 19.Re1 Ne5 20.Bxd4 Bxd4+ 21.Kg3 Nd3 22.Re2 Qd6+
23.f4 Nxf4 24.Nxf4 Qxf4+ 25.Kh3 Bf3  0-1

[Event "TCh-NOR Elite 2015-16"]
[Site "Norway NOR"]
[Date "2015.10.31"]
[Round "2.5"]
[White "Turov,M"]
[Black "Predojevic,B"]
[Result "1/2-1/2"]
[WhiteElo "2609"]
[BlackElo "2631"]

1.d4 d5 2.c4 dxc4 3.e4 e5 4.Nf3 Bb4+ 5.Bd2 Bxd2+ 6.Qxd2 exd4 7.Qxd4 Nf6 8.Qxd8+ Kxd8
9.Nc3 Be6 10.Nd4 Ke7 11.Nxe6 fxe6 12.Bxc4 Nbd7 13.Be2 c6 14.Kd2 e5 15.Ke3 Nc5
16.h4 Rhd8 17.Rad1 a5 18.g3 Rxd1 19.Rxd1 Rd8 20.Rxd8 Kxd8 21.f4 Ke7 22.Bf3 Kd6
23.Nb1 b5 24.Nd2 a4 25.Be2 Ncd7 26.Bd1 h5 27.Be2  1/2-1/2

[Event "19th OIBM 2015"]
[Site "Bad Wiessee GER"]
[Date "2015.11.07"]
[Round "8.1"]
[White "Volkov,Sergey1"]
[Black "Piorun,K"]
[Result "1/2-1/2"]
[WhiteElo "2592"]
[BlackElo "2609"]

1.d4 d5 2.c4 dxc4 3.e4 b5 4.a4 c6 5.Nf3 e6 6.axb5 cxb5 7.b3 Nf6 8.bxc4 bxc4
9.e5 Nd5 10.Bxc4 Be7 11.Ba3 O-O 12.O-O a5 13.Nbd2 Bxa3 14.Rxa3 Ba6 15.Qa1 Nc6
16.Rc1 Bxc4 17.Nxc4 Ndb4 18.h4 f6 19.exf6 Rxf6 20.Nce5 Nxe5 21.dxe5 Rf8 22.Rc5 Nd3
23.Rcxa5 Rc8 24.Rc3 Rxc3 25.Qxc3 Qb6 26.Qd2 Nxf2 27.Kh2 Ng4+ 28.Kh3 h5 29.Qa2 Qc6
30.Kg3 Kh8 31.Qa3 Kg8 32.Qa2 Kh8 33.Qa3 Kg8  1/2-1/2

[Event "TCh-FIN 2015-16"]
[Site "Finland FIN"]
[Date "2015.11.08"]
[Round "6.7"]
[White "Lain,L"]
[Black "Puittinen,M"]
[Result "1/2-1/2"]
[WhiteElo "2187"]
[BlackElo "2103"]

1.d4 d5 2.c4 dxc4 3.e4 Nf6 4.Nc3 e5 5.d5 c6 6.Bxc4 b5 7.Bb3 b4 8.Na4 Nxe4
9.Qe2 cxd5 10.Qb5+ Qd7 11.Qxd5 Bb7 12.Qxe5+ Qe7 13.Nf3 Nd7 14.Qxe7+ Bxe7
15.Be3 O-O 16.Rc1 Rac8 17.O-O Ndc5 18.Nxc5 Bxc5 19.Ne5 Bxe3 20.fxe3 Nf6 21.Rxc8 Rxc8
22.Nxf7 Bd5 23.Nd6 Rc6 24.Nf5 Re6 25.Bxd5 Nxd5 26.Rd1 Nf6 27.Rd8+ Kf7 28.Rb8 Ra6
29.Rxb4 Rxa2 30.Rb7+ Kg6 31.Nd4 Ng4 32.Nc2 Ne5 33.Na3 Nd3 34.h3 Nxb2 35.Rxa7 Nc4
36.Nb5 Rxa7  1/2-1/2

[Event "4th Central Asia Cup 2015"]
[Site "Almaty KAZ"]
[Date "2015.11.27"]
[Round "7.5"]
[White "Kazhgaleyev,M"]
[Black "Igonin,Temur"]
[Result "1/2-1/2"]
[WhiteElo "2585"]
[BlackElo "2361"]

1.d4 d5 2.c4 dxc4 3.e4 Nf6 4.e5 Nd5 5.Bxc4 Nb6 6.Bd3 Nc6 7.Ne2 Bg4 8.Be3 e6
9.Nbc3 Qd7 10.O-O O-O-O 11.a4 Nxd4 12.a5 Na8 13.Qe1 Bxe2 14.Bxe2 Nc2 15.Qc1 Nxa1
16.Qxa1 a6 17.b4 Bxb4 18.Rb1 Bxc3 19.Qxc3 c6 20.Qb2 Qc7 21.Bc5 Rd7 22.Bd6 Qxa5
23.Qd4 Qa2 24.Bd3 b5 25.Be4 Kb7 26.Ra1 Qc4 27.Qxc4 bxc4 28.Rb1+ Nb6 29.Bc5 Rhd8
30.Rxb6+ Kc8 31.Bd6 Rxd6 32.exd6 Rxd6 33.Kf1 Kc7 34.Rxa6 f5 35.Bc2 Rd2 36.Ba4 Rd6
37.Ra8 c3 38.Ke1 Kb6 39.Bd1 Kc5 40.Ra4 e5 41.Ra5+ Kd4 42.Ke2 g6 43.f3 Kc4
44.Ra4+ Kb5 45.Ra2 Kb4 46.Ke1 Kc4 47.Ra4+ Kb5 48.Ra2 Kc4 49.h3 h5 50.Ra4+ Kb5
51.Ra2 Kc4 52.g3 Kb4 53.Re2 Rd5 54.Ra2 Rd6 55.g4 hxg4 56.hxg4 fxg4 57.Ra4+ Kc5
58.Rxg4 Rd2 59.Re4 Rh2 60.Rxe5+ Kd4 61.Re6 Rh1+ 62.Ke2 Rh2+ 63.Ke1 c2 64.Bxc2 Rxc2
65.Rxg6 c5 66.Rd6+ Ke3 67.Kd1 Rf2 68.Kc1 c4 69.Rd8 Rxf3 70.Kc2 Ke4 71.Rd7 Rd3
72.Rxd3 cxd3+ 73.Kd2 Kd4 74.Kd1 Ke3 75.Ke1 d2+ 76.Kd1 Kd3  1/2-1/2

[Event "75th ch-ITA 2015"]
[Site "Milan ITA"]
[Date "2015.12.04"]
[Round "5.4"]
[White "Basso,Pier Luigi"]
[Black "Godena,M"]
[Result "1/2-1/2"]
[WhiteElo "2435"]
[BlackElo "2508"]

1.d4 d5 2.c4 dxc4 3.e4 Nc6 4.Nf3 Nf6 5.e5 Nd5 6.Bxc4 Bg4 7.h3 Bxf3 8.Qxf3 e6
9.Bb5 Nb4 10.O-O a6 11.Bxc6+ Nxc6  1/2-1/2

[Event "GM Gigant Chess 2015"]
[Site "Panevezys LTU"]
[Date "2015.12.06"]
[Round "2.3"]
[White "Hambleton,A"]
[Black "Berzinsh,R"]
[Result "1/2-1/2"]
[WhiteElo "2446"]
[BlackElo "2410"]

1.d4 d5 2.c4 dxc4 3.e4 e5 4.Nf3 exd4 5.Bxc4 Nc6 6.O-O Bc5 7.b4 Bxb4 8.Qb3 Qe7
9.Bg5 f6 10.Bd2 Nh6 11.Bd5 Bxd2 12.Nbxd2 Nf7 13.Bxc6+ bxc6 14.Nxd4 O-O 15.Rac1 Qd6
16.Qc3 Be6 17.N2f3 Rfe8 18.Qxc6 Qxc6 19.Rxc6 Bxa2 20.Ra1 Rab8 21.Rxc7 Rb1+
22.Rxb1 Bxb1 23.Nd2 Rd8 24.Nxb1 Rxd4 25.f3 Ne5 26.Rb7 Rd7 27.Rb8+ Kf7 28.Nc3 a5
29.Ra8 Nc4  1/2-1/2

[Event "London Classic Open 2015"]
[Site "London ENG"]
[Date "2015.12.09"]
[Round "7.95"]
[White "Moran,S"]
[Black "Dukaczewski,P"]
[Result "0-1"]
[WhiteElo "2127"]
[BlackElo "2280"]

1.d4 d5 2.c4 dxc4 3.e4 c5 4.d5 Nf6 5.Nc3 b5 6.Bf4 Qa5 7.e5 Ne4 8.Qf3 Nxc3
9.Qxc3 Qxc3+ 10.bxc3 Bb7 11.O-O-O Nd7 12.a4 a6 13.a5 g5 14.Bg3 Bg7 15.h4 Bxe5
16.Bxe5 Nxe5 17.hxg5 O-O-O 18.f4 Ng4 19.Re1 Rxd5 20.Be2 Nf2 21.Rh6 Rd6 22.Nh3 Rxh6
23.gxh6 Nxh3 24.gxh3 e6 25.Bh5 Rf8 26.Re5 Kd7 27.Rg5 Be4 28.Rg7 Ke7 29.h4 Kf6
30.Kd2 b4 31.Be2 Rd8+ 32.Kc1 bxc3 33.Bxc4 Rb8  0-1

[Event "Pavlodar Open 2015"]
[Site "Pavlodar KAZ"]
[Date "2015.12.09"]
[Round "4.31"]
[White "Kozhamuratov,Marat"]
[Black "Khabibulin,R"]
[Result "1-0"]
[WhiteElo "1797"]
[BlackElo "2052"]

1.d4 d5 2.c4 dxc4 3.e4 e5 4.d5 Nf6 5.Nc3 c6 6.Bxc4 b5 7.Bd3 b4 8.Na4 cxd5
9.Qe2 Bd7 10.b3 Bc6 11.Bb2 dxe4 12.Bb5 Qd7 13.Bc4 Bd6 14.Rd1 Qe7 15.Nh3 O-O
16.O-O Nbd7 17.Ng5 Nb6 18.Nxb6 axb6 19.Nxf7 Rxf7 20.Bxf7+ Kh8 21.Bc1 Bc5
22.Bc4 Bd4 23.Be3 Qc5 24.Rc1 Rf8 25.Rfd1 b5 26.Be6 Qd6 27.Bh3 Nd5 28.Bxd4 Nf4
29.Qc2 e3 30.Bxe3 Nxh3+ 31.gxh3 Bd5 32.Qe4  1-0

[Event "Zadar Open A 2015"]
[Site "Zadar CRO"]
[Date "2015.12.18"]
[Round "8.12"]
[White "Franic,M"]
[Black "Plenca,Jadranko"]
[Result "0-1"]
[WhiteElo "2395"]
[BlackElo "2344"]

1.d4 d5 2.c4 dxc4 3.e4 e5 4.Nf3 Bb4+ 5.Bd2 Bxd2+ 6.Nbxd2 exd4 7.Bxc4 Qf6
8.O-O Ne7 9.e5 Qg6 10.Nxd4 O-O 11.Nb5 Qb6 12.Qb3 Nbc6 13.Rae1 Na5 14.Qb4 Nec6
15.Qc3 Nxc4 16.Qxc4 Be6 17.Qa4 a6 18.Nc3 Qxb2 19.Nde4 b5 20.Qd1 Bc4 21.Nf6+ Kh8
22.Re3 Nxe5 23.Nxh7 Kxh7 24.Qh5+ Kg8 25.Rh3 f6 26.Qh7+ Kf7 27.Rg3 Rg8 28.Re1 Qd2
29.Rd1 Qh6 30.Qe4 Rgd8 31.f4 Rxd1+ 32.Nxd1 Rd8 33.Ne3 Bd3 34.Qb4 Nc4 35.Qc5 Qxf4
36.Qh5+ Kg8  0-1

[Event "ITT 25 Millonario 2015"]
[Site "Bogota COL"]
[Date "2015.12.19"]
[Round "4.34"]
[White "Gomez Morales,Juan Sebastian"]
[Black "Manrique,F"]
[Result "0-1"]
[WhiteElo "1763"]
[BlackElo "1992"]

1.d4 d5 2.c4 dxc4 3.e4 e5 4.Nf3 exd4 5.Bxc4 Nc6 6.O-O Nf6 7.Nbd2 Be7 8.Qb3 O-O
9.e5 Ng4 10.e6 fxe6 11.Bxe6+ Kh8 12.Bxc8 Qxc8 13.Qc4 Bf6 14.Nb3 Nge5 15.Nxe5 Nxe5
16.Qa4 Qg4 17.f3 Qd7 18.Qxd7 Nxd7 19.Bf4 c5 20.Bd6 Rfc8 21.Rab1 d3 22.Rfd1 c4
23.Nd2 b5 24.Bb4 Bd4+ 25.Kf1 Nb6 26.Ne4 Nd5 27.Bd2 Re8 28.Nd6 Re2 29.Ne4 Re8
30.Re1 R8xe4 31.fxe4 Rf2+ 32.Kg1 Rxd2+ 33.Kh1 Ne3 34.e5 Kg8 35.g3 Ng4 36.e6 Rxh2+  0-1

[Event "12th Vandoeuvre Open 2015"]
[Site "Vandoeuvre les Nancy FRA"]
[Date "2015.12.19"]
[Round "2.3"]
[White "Donchenko,Alexa"]
[Black "Belenkaya,D"]
[Result "1/2-1/2"]
[WhiteElo "2588"]
[BlackElo "2345"]

1.d4 d5 2.c4 dxc4 3.e4 Nc6 4.Nf3 Bg4 5.Bxc4 e6 6.Be3 Bxf3 7.gxf3 Qf6 8.Bb5 Bb4+
9.Nc3 Ne7 10.a3 Ba5 11.f4 O-O-O 12.Qa4 Bb6 13.e5 Qh4 14.O-O-O g5 15.Bxc6 Nxc6
16.d5 exd5 17.Nxd5 Kb8 18.Rhg1 Nxe5 19.Rxg5 Nc6 20.Qe4 Qh6 21.Qf5 Qf8 22.Qf6 Rd6
23.Qg7 Qe8 24.Rf5 Nd8 25.Rh5 Ne6 26.Qe5 Qc6+ 27.Qc3 Qe8 28.Kb1 Qd8 29.Rc1 Rf8
30.Nxb6 axb6 31.Rxh7 Rc6 32.Qd2 Rd6 33.Qc2 Qf6 34.f5 Rc6 35.Qe4 Nc5 36.Bxc5 bxc5
37.Rh3 Rd8 38.Rb3 Rd4 39.Qf3 Qd6 40.Qe3 Qf6 41.Qf3 Qd6 42.Ka1 Rf4 43.Qe2 Ka7
44.Rd1 Rd4 45.Rbd3 Rxd3 46.Qxd3 Qxh2 47.Qc3 Qxf2 48.Qa5+ Ra6 49.Qxc7 Rb6
50.Qe5 f6 51.Qc3 Qxf5 52.Rd8 Qf1+ 53.Ka2 Qb5 54.Rc8 Rc6 55.Rxc6 Qxc6 56.Qa5+ Kb8
57.Qd8+ Ka7 58.Qa5+ Kb8 59.Qd8+ Ka7  1/2-1/2

[Event "53rd Groningen Open 2015"]
[Site "Groningen NED"]
[Date "2015.12.23"]
[Round "3.23"]
[White "Maatman,Nick"]
[Black "Drozdowski,Konrad"]
[Result "1-0"]
[WhiteElo "2258"]
[BlackElo "1987"]

1.d4 d5 2.c4 dxc4 3.e4 Nf6 4.e5 Nd5 5.Bxc4 Nb6 6.Bd3 Nc6 7.Be3 Be6 8.Nc3 Bd5
9.Nxd5 Qxd5 10.Nf3 e6 11.a3 Be7 12.O-O Qd7 13.Rc1 a6 14.Be4 Nd5 15.b4 Rc8
16.h4 Na7 17.h5 Nb5 18.Qb3 h6 19.Rfd1 c6 20.Bb1 Nbc7 21.Nd2 Nb6 22.Ne4 Qd5
23.Qd3 Qb5 24.Qc2 a5 25.Ba2 axb4 26.axb4 Ncd5 27.Bd2 Ra8 28.Nc5 Bxc5 29.bxc5 Nc8
30.Rb1 Qa6 31.Bxd5 cxd5 32.Qb3 Rb8 33.Qg3 Kf8 34.Rb2 Qc6 35.Rdb1 Kg8 36.Rb4 Ne7
37.Qb3 Nf5 38.g4 Ne7 39.Rxb7 Re8 40.Qd3 g6 41.Qf3 gxh5 42.Qf6 Rh7 43.Rxe7 Rxe7
44.Qxe7 Rg7 45.Rb8+ Kh7 46.Qf6 Rxg4+ 47.Kh2  1-0

[Event "Pan-Am Intercollegiate"]
[Site "Cleveland USA"]
[Date "2015.12.28"]
[Round "3"]
[White "Berczes,D"]
[Black "Nyzhnyk,I"]
[Result "1/2-1/2"]
[WhiteElo "2493"]
[BlackElo "2627"]

1.d4 d5 2.c4 dxc4 3.e4 Nf6 4.e5 Nd5 5.Bxc4 Nb6 6.Bd3 Nc6 7.Ne2 Bg4 8.Be3 e6
9.Nbc3 Qd7 10.O-O O-O-O 11.Be4 Kb8 12.Rc1 Be7 13.a3 f6 14.exf6 gxf6 15.Qc2 Na5
16.h3 Bxe2 17.Nxe2 Nac4 18.Bf4 Bd6 19.Rfd1 h5 20.Qb3 Na5 21.Qc3 Nac4 22.Qb3 Na5
23.Qc3 Nac4 24.Qb3  1/2-1/2

[Event "Pan-Am Intercollegiate"]
[Site "Cleveland USA"]
[Date "2015.12.29"]
[Round "5"]
[White "Moradiabadi,E"]
[Black "Nyzhnyk,I"]
[Result "1/2-1/2"]
[WhiteElo "2597"]
[BlackElo "2627"]

1.d4 d5 2.c4 dxc4 3.e4 e5 4.Nf3 exd4 5.Bxc4 Nc6 6.O-O Be6 7.Bxe6 fxe6 8.Qb3 Qd7
9.Qxb7 Rb8 10.Qa6 e5 11.Nbd2 Nf6 12.b3 Bd6 13.Bb2 O-O 14.Rfc1 Rb6 15.Qe2 Kh8
16.Ne1 Ng4 17.Ndf3 a5 18.Rc4 Nb4 19.Ba3 Na6 20.Bc1 Nc5 21.Bd2 Nf6 22.Rxc5 Bxc5
23.Nxe5 Qe8 24.N1d3 Re6 25.f4 Bd6 26.Rf1 a4 27.b4 Qb5 28.Qf3 Kg8 29.Rc1 Qb7
30.Nc6 Rxe4 31.Nf2 Rfe8 32.Nxe4 Nxe4 33.Qh5 Nf6 34.Qf5 d3 35.Qxd3 Qb6+ 36.Kh1 Ne4
37.Be3 Ng3+ 38.hxg3 Qxe3 39.Rd1 Qxd3 40.Rxd3 Re1+ 41.Kh2 Rc1 42.b5 Rb1 43.Nd4 Rb2
44.Nf5 Bf8 45.Nd4 a3 46.Rc3 Bd6 47.Nf5 Bf8 48.Nd4 Bd6 49.Nf5 Bf8  1/2-1/2

[Event "45th Rilton Cup 2015-16"]
[Site "Stockholm SWE"]
[Date "2015.12.29"]
[Round "3.1"]
[White "Hammer,J"]
[Black "Blomqvist,E"]
[Result "1-0"]
[WhiteElo "2695"]
[BlackElo "2493"]

1.d4 d5 2.c4 dxc4 3.e4 Nf6 4.e5 Nd5 5.Bxc4 Nb6 6.Bd3 Nc6 7.Ne2 Bg4 8.f3 Be6
9.Nbc3 Qd7 10.Ne4 Bd5 11.Nc5 Qc8 12.Bg5 f6 13.Bh4 fxe5 14.O-O exd4 15.Nf4 Bf7
16.Rc1 e5 17.Nxb7 Nb8 18.Re1 N8d7 19.Ba6 c5 20.Bb5 Qc7 21.Nd3 Nc4 22.Rxc4  1-0

[Event "28th Staufer-Open 2016"]
[Site "Schwaebisch Gmuend GER"]
[Date "2016.01.02"]
[Round "2.15"]
[White "Kourousis,E"]
[Black "Wiley,To"]
[Result "1-0"]
[WhiteElo "2408"]
[BlackElo "2234"]

1.d4 d5 2.c4 dxc4 3.e4 Nc6 4.d5 Ne5 5.Nf3 Nxf3+ 6.Qxf3 e6 7.Bxc4 Nf6 8.O-O exd5
9.exd5 Be7 10.h3 O-O 11.Nc3 Ne8 12.Bd3 Nd6 13.Bf4 a6 14.Rac1 g6 15.Rc2 Bd7
16.Rfc1 Rc8 17.Ne4 Nxe4 18.Bxe4 Bd6 19.Qg3 Qf6 20.Bxd6 cxd6 21.Rc7 Rxc7 22.Rxc7 Bc8
23.Qc3 Qxc3 24.bxc3 g5 25.f3 Kg7 26.Kf2 h5 27.Ke3 h4 28.Kd4 b5 29.Rc6 Rd8
30.Bd3 f5 31.a4 bxa4 32.Bxa6 Bxa6 33.Rxa6 Rb8 34.c4 a3 35.Rxa3 Rb2 36.Ra7+ Kf6
37.Rd7 Rb6 38.Ke3 Rb3+ 39.Kd4 Rb6 40.Kc3 Ke5 41.Re7+ Kf4 42.Re2 Kg3 43.c5 dxc5
44.Kc4 g4 45.fxg4 f4 46.Kxc5 Rb8 47.d6 f3 48.gxf3 Kxh3 49.d7 Rd8 50.Kd6 Kg3
51.Re8  1-0

[Event "1st FideAcademy GM 2016"]
[Site "Spoleto ITA"]
[Date "2016.01.02"]
[Round "1.1"]
[White "Stopa,Ja"]
[Black "Pancevski,F"]
[Result "0-1"]
[WhiteElo "2463"]
[BlackElo "2497"]

1.d4 d5 2.c4 dxc4 3.e4 b5 4.a4 c6 5.axb5 cxb5 6.Nc3 a6 7.Nxb5 axb5 8.Rxa8 Bb7
9.Ra1 e6 10.f3 f5 11.exf5 Ne7 12.fxe6 Nf5 13.Ne2 Nc6 14.Kf2 Ncxd4 15.Nxd4 Bc5
16.Be3 Nxe3 17.Kxe3 O-O 18.Qd2 Qf6 19.Rd1 Rd8  0-1

[Event "UT-RGV GM Inv. 2016"]
[Site "Brownsville USA"]
[Date "2016.01.09"]
[Round "8"]
[White "Hernandez Carmenates,Hold"]
[Black "Santarius,E"]
[Result "1-0"]
[WhiteElo "2519"]
[BlackElo "2314"]

1.d4 d5 2.c4 dxc4 3.e4 e5 4.Nf3 exd4 5.Bxc4 Bb4+ 6.Bd2 Bxd2+ 7.Nbxd2 Nc6
8.O-O Nge7 9.Nb3 O-O 10.Nfxd4 Nxd4 11.Qxd4 Qxd4 12.Nxd4 c5 13.Nb3 b6 14.Rfd1 Rb8
15.f3 b5 16.Be2 c4 17.Nc5 Nc6 18.Rd6 Nb4 19.a4 Rb6 20.e5 Re8 21.Kf2 Rb8 22.f4 a6
23.a5 Ra8 24.b3 cxb3 25.Nxb3 Ra7 26.Rc1 g6 27.Rd4 Na2 28.Rc2 Be6 29.Rxa2 Bxb3
30.Rb2 Be6 31.Rc2 Rb8 32.Rc6 Kg7 33.Rdd6 Rba8 34.Ke3 h5 35.Rb6 Rc8 36.Rxa6 Rxa6
37.Rxa6 Rc3+ 38.Kd4 b4 39.Rb6 Ra3 40.a6 b3 41.Kc3 Ra2 42.Rxe6 fxe6 43.Kxb3 Ra1
44.Bb5 h4 45.Ba4 Rb1+ 46.Kc4 h3 47.gxh3 Rf1 48.a7 Rxf4+ 49.Kb3 Rf8 50.Bc6 Kh6
51.Kc4 Kg5 52.a8=Q Rxa8 53.Bxa8 Kf4 54.Kd4  1-0

[Event "6th 4NCL Congress 2016"]
[Site "Wetherby ENG"]
[Date "2016.01.09"]
[Round "3.2"]
[White "Savage,Nicholas W"]
[Black "Player,E"]
[Result "0-1"]
[WhiteElo "2020"]
[BlackElo "2193"]

1.d4 d5 2.c4 dxc4 3.e4 Nf6 4.e5 Nd5 5.Bxc4 Nb6 6.Bb3 Nc6 7.Be3 Bf5 8.Ne2 e6
9.Nbc3 Nb4 10.O-O N4d5 11.Qd2 Be7 12.Rac1 c6 13.Ng3 Bg6 14.Nce4 O-O 15.Bg5 f6
16.exf6 gxf6 17.Bh6 Bb4 18.Qe2 Re8 19.Rfd1 Nd7 20.Qf3 Qe7 21.h4 Kh8 22.h5 Bf7
23.Bc2 Rg8 24.a3 Ba5 25.Bf4 Nxf4 26.Qxf4 f5 27.Qd6 Bd8 28.Qxe7 Bxe7 29.Nc5 Nxc5
30.dxc5 Rad8 31.b4 Rxd1+ 32.Rxd1 Rd8 33.Rxd8+ Bxd8 34.Bb3 Kg7 35.Kf1 Bf6
36.h6+ Kf8 37.Ne2 Bg5 38.Nd4 Ke7 39.Ke2 Bxh6 40.Kd3 Bc1 41.a4 Bb2 42.Bd1 Kf6
43.b5 Bxd4 44.Kxd4 e5+ 45.Ke3 Bc4 46.bxc6 bxc6 47.a5 Ke6 48.Bc2 f4+ 49.Kd2 h6  0-1

[Event "ch-AUS 2016"]
[Site "Melbourne AUS"]
[Date "2016.01.10"]
[Round "9.14"]
[White "Brown,An"]
[Black "Jordan,Wi"]
[Result "0-1"]
[WhiteElo "2271"]
[BlackElo "2184"]

1.d4 d5 2.c4 dxc4 3.e4 e5 4.d5 Nf6 5.Nc3 Bc5 6.Bxc4 Ng4 7.Nh3 O-O 8.Qd3 Kh8
9.Rf1 c6 10.Bg5 f6 11.Bd2 b5 12.Bb3 a5 13.f3 a4 14.Bc2 Nh6 15.O-O-O a3 16.dxc6 axb2+
17.Kb1 Qxd3 18.Bxd3 b4 19.c7 bxc3 20.cxb8=Q Rxb8 21.Bxc3 Be6 22.Rd2 Rf7 23.Rxb2 Rfb7
24.Rxb7 Rxb7+ 25.Ka1 Ra7 26.Bb1 Nf7 27.Rc1 Rc7 28.Bb2 Nd6 29.Bd3 Nc8 30.f4 Nb6
31.f5 Bd7 32.Ba3 Bd4+ 33.Kb1 Rb7 34.Kc2 Ra7 35.Kb3 Ba4+ 36.Kb4 Be8 37.Bc2 Nd7
38.Bd3 Rb7+ 39.Ka5 Bb6+ 40.Ka6 Ra7+ 41.Kb5 Rxa3 42.Be2 Kg8 43.Rc8 Kf7 44.Bh5+ g6
45.fxg6+ hxg6 46.Bxg6+ Kxg6 47.Rxe8 Bd4 48.Rd8 Ra7 49.a4 Kf7 50.a5 Ke7 51.Rg8 Kd6
52.g4 Rb7+ 53.Kc4 Rc7+ 54.Kb4 Rc2 55.Rg6 Rxh2 56.Ng5 Rb2+ 57.Kc4 Rc2+ 58.Kb4 Rc6
59.Nh7 Ke7 60.Rg7+ Ke6 61.g5 Bc3+ 62.Ka4 Rc4+ 63.Kb3 Rc8 64.a6 fxg5 65.Nxg5+ Kf6
66.Rxd7 Kxg5 67.Rf7 Bd4 68.Kb4 Rc2 69.Kb5 Rb2+ 70.Kc4 Ra2 71.Kb5 Kg4 72.Rf1 Rb2+
73.Kc4 Ra2 74.Kb5 Kg3 75.Rf8 Rf2 76.Rf5 Kg4 77.a7 Ra2 78.Kc4 Rxa7 79.Kd5 Ra5+
80.Ke6 Ra2 81.Kd5 Re2 82.Rf1 Re3 83.Rg1+ Kf4 84.Rh1 Rc3 85.Rh4+ Kg3 86.Rh5 Rc5+
87.Ke6 Kf4 88.Rh4+ Ke3 89.Kf5 Rc8 90.Rh3+ Kf2 91.Ke6 Rc3 92.Rh2+ Ke3 93.Kf5 Rc1
94.Rh3+ Kd2 95.Ke6 Rc5  0-1

[Event "TCh-NOR Elite 2015-16"]
[Site "Norway NOR"]
[Date "2016.01.15"]
[Round "4.1"]
[White "Berg,J"]
[Black "Haldorsen,Benjamin"]
[Result "1-0"]
[WhiteElo "2236"]
[BlackElo "2264"]

1.d4 d5 2.c4 dxc4 3.e4 e5 4.Nf3 exd4 5.Bxc4 Nc6 6.Nbd2 Be6 7.O-O Bxc4 8.Nxc4 Bc5
9.a3 Nge7 10.b4 Bb6 11.Bb2 O-O 12.b5 Na5 13.Nxb6 axb6 14.Nxd4 Nc4 15.Bc3 c5
16.bxc6 bxc6 17.Qg4 Ng6 18.Nf5 f6 19.Rfd1 Qc7 20.Rd7 Qxd7 21.Nh6+ gxh6 22.Qxd7 Nge5
23.Qe6+ Kg7 24.Bxe5 Nxe5 25.f4 Rfe8 26.Qf5 Nf7 27.a4 Ra5 28.Qg4+ Kf8 29.Re1 h5
30.Qf3 Kg7 31.Qb3 b5 32.e5 fxe5 33.Qg3+ Kf8 34.fxe5 bxa4 35.e6 Ng5 36.Rf1+ Kg8
37.h4 a3 38.hxg5  1-0

[Event "ch-POL Academic Team 2016"]
[Site "Hucisko POL"]
[Date "2016.01.17"]
[Round "8.8"]
[White "Matuszewski,Mi"]
[Black "Tazbir,M"]
[Result "0-1"]
[WhiteElo "2468"]
[BlackElo "2524"]

1.d4 d5 2.c4 dxc4 3.e4 Nc6 4.Nf3 Bg4 5.d5 Ne5 6.Bf4 Ng6 7.Bg3 e5 8.Bxc4 Bd6
9.h3 Bd7 10.Nc3 a6 11.a4 Nf6 12.O-O O-O 13.Nd2 Qe7 14.Bd3 Nf4 15.Bxf4 exf4
16.Nc4 Be5 17.Re1 Rfe8 18.Rc1 g5 19.d6 cxd6 20.Nb6 Rad8 21.Ncd5 Nxd5 22.exd5 Qf6
23.Nxd7 Rxd7 24.Qh5 h6 25.h4 Kg7 26.hxg5 Qxg5 27.Qh3 Rde7 28.b4 f3 29.Rc4 h5
30.Rce4 Qxg2+ 31.Qxg2+ fxg2 32.Kxg2 Kf6 33.Rh4 Bc3 34.Rxe7 Rxe7 35.b5 axb5
36.axb5 Kg5 37.Rc4 Ba5 38.Kf3 Re5 39.Rd4 Bb6 40.Rf4 f5 41.Ra4 Rxd5 42.Ra3 Bc5
43.Rc3 Rd4 44.Ke2 Rf4 45.f3 Rh4 46.Bc4 Bb4 47.Rc1 Rh2+ 48.Kd3 Kf4 49.Bd5 Rd2+
50.Kc4 Bc5 51.Bxb7 h4 52.Rh1 Bf2 53.Kc3 Re2 54.Rf1 h3 55.Bc8 h2 56.Rh1 Bg1
57.Kd3 Rb2 58.Kc4 Rc2+  0-1

[Event "Kecskemet GM New Year"]
[Site "Kecskemet HUN"]
[Date "2016.01.17"]
[Round "8.2"]
[White "Ilincic,Z"]
[Black "Fominyh,A"]
[Result "1/2-1/2"]
[WhiteElo "2405"]
[BlackElo "2441"]

1.d4 d5 2.c4 dxc4 3.e4 Nf6 4.e5 Nd5 5.Bxc4 Nc6 6.Ne2 Bf5 7.a3 e6 8.O-O Qd7
9.Nbc3 Nb6 10.Ba2 Be7 11.Be3 Rd8 12.f4 h6 13.Qe1 Bd3 14.Rd1 Bc4 15.Bxc4 Nxc4  1/2-1/2